[Event "ENG-ch Senior 65+"]
[Site "Leamington"]
[Date "2023.05.04"]
[Round "1.11"]
[White "Seymour, Paul"]
[Black "Hutchinson, Norman A"]
[Result "0-1"]
[WhiteElo "1599"]
[BlackElo "1968"]
[PlyCount "82"]
[EventDate "2023.05.04"]
[EventType "swiss"]
[EventRounds "7"]
[EventCountry "ENG"]
[SourceTitle "BritBase"]
[Source "John Saunders"]
[SourceDate "2023.05.08"]
[SourceVersion "1"]
[SourceVersionDate "2023.05.08"]
[SourceQuality "1"]

1. d4 Nf6 2. Bf4 c5 3. e3 d5 4. c3 e6 5. Nf3 Bd6 6. Bg3 Qc7 7. Bxd6 Qxd6 8. Ne5
Nc6 9. Nd2 Nxe5 10. dxe5 Qxe5 11. Nf3 Qc7 12. Bd3 Bd7 13. O-O Bc6 14. Re1 O-O
15. Qe2 e5 16. Bb5 e4 17. Nd2 Bxb5 18. Qxb5 Ng4 19. Nf1 Rad8 20. Red1 Ne5 21.
Qe2 Rd6 22. b3 Rfd8 23. Rd2 Nd3 24. Ng3 g6 25. c4 f5 26. f3 Ne5 27. cxd5 exf3
28. gxf3 Rxd5 29. Rxd5 Rxd5 30. Rd1 Qd7 31. Rxd5 Qxd5 32. Kg2 Qd3 33. Qxd3 Nxd3
34. Ne2 Kf7 35. f4 Ke6 36. Kf3 a6 37. e4 b5 38. a3 Ne1+ 39. Kf2 Nc2 40. exf5+
Kxf5 41. a4 b4 0-1

[Event "ENG-ch Senior 65+"]
[Site "Leamington"]
[Date "2023.05.04"]
[Round "1.12"]
[White "McNally, Richard J E"]
[Black "Jerome, Stellio"]
[Result "1-0"]
[WhiteElo "1891"]
[BlackElo "1518"]
[PlyCount "65"]
[EventDate "2023.05.04"]
[EventType "swiss"]
[EventRounds "7"]
[EventCountry "ENG"]
[SourceTitle "BritBase"]
[Source "John Saunders"]
[SourceDate "2023.05.08"]
[SourceVersion "1"]
[SourceVersionDate "2023.05.08"]
[SourceQuality "1"]

1. d4 f5 2. Nc3 Nf6 3. e4 fxe4 4. Bg5 d6 5. Bxf6 exf6 6. Nxe4 Bf5 7. Ng3 Bg6 8.
Bd3 Qe7+ 9. N1e2 Qf7 10. O-O Nc6 11. f4 Qd5 12. c4 Qe6 13. Qd2 Bxd3 14. Qxd3
Nb4 15. Qb3 d5 16. c5 Na6 17. Rae1 O-O-O 18. f5 Qf7 19. Nf4 g6 20. Qa4 Bh6 21.
c6 Bxf4 22. cxb7+ Kb8 23. Rxf4 Rd6 24. Rf2 Rb6 25. Rfe2 Kxb7 26. Re7 Qf8 27.
Re8 Qg7 28. R1e7 Qh6 29. Rxh8 Qc1+ 30. Nf1 Rxb2 31. Re6 Nb8 32. Qe8 Nc6 33.
Rxc6 1-0

[Event "ENG-ch Senior 65+"]
[Site "Leamington"]
[Date "2023.05.04"]
[Round "1.13"]
[White "Morris, Nigel W"]
[Black "Myall, Ivan J"]
[Result "0-1"]
[WhiteElo "1363"]
[BlackElo "1924"]
[PlyCount "53"]
[EventDate "2023.05.04"]
[EventType "swiss"]
[EventRounds "7"]
[EventCountry "ENG"]
[SourceTitle "BritBase"]
[Source "John Saunders"]
[SourceDate "2023.05.08"]
[SourceVersion "1"]
[SourceVersionDate "2023.05.08"]
[SourceQuality "1"]

1. Nf3 d5 2. c4 c6 3. d4 e6 4. e3 Nf6 5. Be2 Nbd7 6. O-O Ne4 7. Nbd2 f5 8. Ne1
Bd6 9. f4 Ndf6 10. c5 Be7 11. Ndf3 Bd7 12. Qc2 O-O 13. Rb1 Ng4 14. Nd3 Bh4 15.
Nxh4 Qxh4 16. Bxg4 fxg4 17. Ne5 Be8 18. b4 Rf5 19. g3 Qh5 20. a4 Rxe5 21. fxe5
Bg6 22. Qb2 Ng5 23. Ra1 Nh3+ 24. Kg2 Be4+ 25. Rf3 gxf3+ 26. Kf1 Bd3+ 27. Ke1
0-1

[Event "ENG-ch Senior 65+"]
[Site "Leamington"]
[Date "2023.05.04"]
[Round "1.14"]
[White "Bray, Dave J"]
[Black "Jones, Michael R"]
[Result "1-0"]
[WhiteElo "1989"]
[BlackElo "1477"]
[PlyCount "65"]
[EventDate "2023.05.04"]
[EventType "swiss"]
[EventRounds "7"]
[EventCountry "ENG"]
[SourceTitle "BritBase"]
[Source "John Saunders"]
[SourceDate "2023.05.08"]
[SourceVersion "1"]
[SourceVersionDate "2023.05.08"]
[SourceQuality "1"]

1. c4 e5 2. Nc3 d6 3. Nf3 Nf6 4. g3 Be7 5. Bg2 O-O 6. d4 Nbd7 7. O-O Re8 8. Qc2
Bf8 9. dxe5 dxe5 10. Rd1 Qe7 11. Bg5 h6 12. Nd5 Qc5 13. b4 Qc6 14. Nxe5 Rxe5
15. Nxf6+ Nxf6 16. Bxc6 hxg5 17. Bg2 Bf5 18. Qb2 Rae8 19. e3 c6 20. a3 g4 21.
Rd4 c5 22. Rdd1 Be4 23. Rd8 Bf3 24. Rxe8 Rxe8 25. Bxf3 gxf3 26. Rd1 b6 27. b5
Ne4 28. Rd7 g6 29. Qc2 Bg7 30. Qd3 Bf6 31. Qd5 Ng5 32. h4 Ne6 33. Rxa7 1-0

[Event "ENG-ch Senior 65+"]
[Site "Leamington"]
[Date "2023.05.04"]
[Round "1.15"]
[White "Carpenter, David J"]
[Black "Erdogan, Hassan"]
[Result "1-0"]
[WhiteElo "1497"]
[BlackElo "1831"]
[PlyCount "115"]
[EventDate "2023.05.04"]
[EventType "swiss"]
[EventRounds "7"]
[EventCountry "ENG"]
[SourceTitle "BritBase"]
[Source "John Saunders"]
[SourceDate "2023.05.08"]
[SourceVersion "1"]
[SourceVersionDate "2023.05.08"]
[SourceQuality "1"]

1. Nf3 Nf6 2. g3 d6 3. Bg2 e5 4. d3 Be7 5. O-O O-O 6. e4 c6 7. Re1 Qc7 8. a3 a5
9. c4 Re8 10. Nbd2 Bf8 11. Nf1 g6 12. h3 Bg7 13. N3h2 Be6 14. Qe2 Qd7 15. g4
Na6 16. f4 exf4 17. Bxf4 Nc5 18. Nd2 Qd8 19. Qf3 Nfd7 20. Rab1 Ne5 21. Bxe5
dxe5 22. Bf1 Bh6 23. Rbd1 Qd4+ 24. Qf2 Qxb2 25. Qxc5 Bxd2 26. Re2 b6 27. Qf2
Qxa3 28. Rexd2 b5 29. Ra2 Qe7 30. Nf3 f6 31. Rda1 Qb4 32. Rb2 Qc3 33. cxb5 cxb5
34. Qd2 Qc6 35. Qc2 Qb6+ 36. Qf2 Qb7 37. d4 Qxe4 38. dxe5 fxe5 39. Rxb5 Bd5 40.
Bg2 Rf8 41. Rbxa5 Rab8 42. Re1 Rxf3 43. Bxf3 Qxf3 44. Qxf3 Bxf3 45. Raxe5 Rb2
46. g5 Rg2+ 47. Kf1 Bc6 48. Re8+ Bxe8 49. Kxg2 Bc6+ 50. Kg3 Kf7 51. Kf4 Bd7 52.
h4 Be6 53. Ra1 Kg7 54. Ke5 Bg8 55. Ra7+ Bf7 56. Kd6 Kg8 57. Ke5 Kg7 58. Rc7 1-0

[Event "ENG-ch Senior 65+"]
[Site "Leamington"]
[Date "2023.05.04"]
[Round "1.16"]
[White "Tucker, David S"]
[Black "Collins, Nigel"]
[Result "1-0"]
[WhiteElo "1909"]
[BlackElo "1454"]
[PlyCount "79"]
[EventDate "2023.05.04"]
[EventType "swiss"]
[EventRounds "7"]
[EventCountry "ENG"]
[SourceTitle "BritBase"]
[Source "John Saunders"]
[SourceDate "2023.05.08"]
[SourceVersion "1"]
[SourceVersionDate "2023.05.08"]
[SourceQuality "1"]

1. e4 c5 2. Nf3 d6 3. d4 cxd4 4. Nxd4 Nf6 5. Nc3 a6 6. Bc4 e6 7. a3 Be7 8. Ba2
O-O 9. O-O b5 10. Qf3 Bb7 11. Qg3 Re8 12. Bxe6 g6 13. Bd5 Bxd5 14. exd5 Bf8 15.
Rd1 Nbd7 16. Bg5 Nh5 17. Bxd8 Nxg3 18. hxg3 Raxd8 19. Nc6 Rc8 20. a4 Ne5 21.
axb5 axb5 22. Na7 Rb8 23. Naxb5 Nc4 24. b3 Nb6 25. Na4 Nd7 26. c4 Nc5 27. Nxc5
dxc5 28. d6 Red8 29. Rd5 Bg7 30. Rad1 Bd4 31. Nxd4 cxd4 32. R5xd4 Rxb3 33. c5
Rc3 34. Rd5 Rd7 35. Kf1 f6 36. Ke2 Kf7 37. Kd2 Rc4 38. Kd3 Rxc5 39. Rxc5 Rxd6+
40. Kc2 1-0

[Event "ENG-ch Senior 65+"]
[Site "Leamington"]
[Date "2023.05.04"]
[Round "1.17"]
[White "Selley, Susan A"]
[Black "Stokes, Mike R"]
[Result "0-1"]
[WhiteElo "1353"]
[BlackElo "1973"]
[PlyCount "68"]
[EventDate "2023.05.04"]
[EventType "swiss"]
[EventRounds "7"]
[EventCountry "ENG"]
[SourceTitle "BritBase"]
[Source "John Saunders"]
[SourceDate "2023.05.08"]
[SourceVersion "1"]
[SourceVersionDate "2023.05.08"]
[SourceQuality "1"]

1. c4 c5 2. Nc3 Nf6 3. Nf3 d5 4. cxd5 Nxd5 5. e3 Nc7 6. Bc4 Nc6 7. O-O e5 8. e4
Bd6 9. Nb5 Be7 10. Nxc7+ Qxc7 11. b3 O-O 12. Bb2 Bg4 13. h3 Bh5 14. Be2 Rad8
15. Nh2 Bg6 16. Bf3 Qd6 17. Ng4 Qxd2 18. Qxd2 Rxd2 19. Bxe5 h5 20. Bf4 hxg4 21.
hxg4 Rd7 22. g3 Nd4 23. Bg2 Rfd8 24. Kh2 b5 25. Be3 Nc2 26. Rac1 Nxe3 27. fxe3
Rd2 28. Kh3 f6 29. a4 Kf7 30. g5 Rh8+ 31. Kg4 Bh5+ 32. Kf4 fxg5+ 33. Ke5+ Bf6+
34. Kf5 g6# 0-1

[Event "ENG-ch Senior 65+"]
[Site "Leamington"]
[Date "2023.05.04"]
[Round "1.18"]
[White "Bellers, Chris JV"]
[Black "Robinson, Steve"]
[Result "1-0"]
[WhiteElo "1900"]
[BlackElo "1297"]
[PlyCount "89"]
[EventDate "2023.05.04"]
[EventType "swiss"]
[EventRounds "7"]
[EventCountry "ENG"]
[SourceTitle "BritBase"]
[Source "John Saunders"]
[SourceDate "2023.05.08"]
[SourceVersion "1"]
[SourceVersionDate "2023.05.08"]
[SourceQuality "1"]

1. c4 c5 2. Nc3 Nc6 3. g3 g6 4. Bg2 Bg7 5. a3 Nf6 6. Rb1 d6 7. b4 Bf5 8. d3 Ng4
9. Ne4 Nge5 10. bxc5 dxc5 11. Rxb7 Rb8 12. Rxb8 Nxb8 13. Qa4+ Qd7 14. Nxc5 Qxa4
15. Nxa4 O-O 16. f4 Nxd3+ 17. exd3 Bxd3 18. Bb2 Bxc4 19. Bxg7 Kxg7 20. Kf2 Rd8
21. Ne2 Rd2 22. Nac3 Nd7 23. Rd1 Rxd1 24. Nxd1 Nf6 25. Ne3 Bd3 26. Nc3 e6 27.
Bf3 h6 28. Ng4 g5 29. Nxf6 Kxf6 30. Ke3 Bg6 31. Ne4+ Bxe4 32. Kxe4 gxf4 33.
Kxf4 e5+ 34. Ke4 Ke6 35. Bg4+ Kd6 36. a4 f6 37. Bf5 Kc5 38. Bd7 a5 39. g4 Kd6
40. Bb5 Kc5 41. h4 Kd6 42. Kf5 Kd5 43. Kxf6 Kd4 44. g5 hxg5 45. hxg5 1-0

[Event "ENG-ch Senior 65+"]
[Site "Leamington"]
[Date "2023.05.04"]
[Round "1.19"]
[White "Hanks, Peter"]
[Black "De Coverly, Roger D"]
[Result "0-1"]
[WhiteElo "1249"]
[BlackElo "1945"]
[PlyCount "56"]
[EventDate "2023.05.04"]
[EventType "swiss"]
[EventRounds "7"]
[EventCountry "ENG"]
[SourceTitle "BritBase"]
[Source "John Saunders"]
[SourceDate "2023.05.08"]
[SourceVersion "1"]
[SourceVersionDate "2023.05.08"]
[SourceQuality "1"]

1. d4 Nf6 2. Nc3 g6 3. Bf4 d6 4. e4 Bg7 5. Nf3 O-O 6. Be2 Nc6 7. a3 Bg4 8. Qd2
Bxf3 9. Bxf3 e5 10. Be3 exd4 11. Bxd4 Nxe4 12. Bxe4 Nxd4 13. O-O c6 14. Rae1
Qd7 15. f4 Rfe8 16. b4 d5 17. Bd3 Rxe1 18. Qxe1 Re8 19. Qf2 b6 20. a4 Nf5 21.
Bxf5 Qxf5 22. Nd1 Qe4 23. Qd2 Qc4 24. Ne3 Rxe3 25. Re1 Rxe1+ 26. Qxe1 Qd4+ 27.
Qf2 Qa1+ 28. Qf1 Bd4+ 0-1

[Event "ENG-ch Senior 65+"]
[Site "Leamington"]
[Date "2023.05.05"]
[Round "2.1"]
[White "Littlewood, Paul E"]
[Black "McNally, Richard J E"]
[Result "1-0"]
[WhiteElo "2347"]
[BlackElo "1891"]
[PlyCount "61"]
[EventDate "2023.05.04"]
[EventType "swiss"]
[EventRounds "7"]
[EventCountry "ENG"]
[SourceTitle "BritBase"]
[Source "John Saunders"]
[SourceDate "2023.05.08"]
[SourceVersion "1"]
[SourceVersionDate "2023.05.08"]
[SourceQuality "1"]

1. e4 e5 2. Nf3 Nc6 3. Bb5 a6 4. Ba4 Nf6 5. d3 Bc5 6. c3 O-O 7. O-O Re8 8. Bg5
h6 9. Bh4 g5 10. Bg3 Nh5 11. Nxe5 Nxg3 12. Nxc6 dxc6 13. hxg3 Qd6 14. d4 Ba7
15. Nd2 b5 16. Bb3 c5 17. e5 Qg6 18. Bd5 c6 19. Be4 Bf5 20. Qf3 Bxe4 21. Nxe4
Re6 22. Rad1 cxd4 23. cxd4 Rd8 24. Nd6 Bb8 25. Nb7 Rd5 26. Nc5 Re8 27. Nxa6
Red8 28. Nb4 R5d7 29. Nxc6 g4 30. Qc3 Rc8 31. Ne7+ 1-0

[Event "ENG-ch Senior 65+"]
[Site "Leamington"]
[Date "2023.05.05"]
[Round "2.2"]
[White "Hutchinson, Norman A"]
[Black "Baker, Chris W"]
[Result "1/2-1/2"]
[WhiteElo "1968"]
[BlackElo "2226"]
[PlyCount "71"]
[EventDate "2023.05.04"]
[EventType "swiss"]
[EventRounds "7"]
[EventCountry "ENG"]
[SourceTitle "BritBase"]
[Source "John Saunders"]
[SourceDate "2023.05.08"]
[SourceVersion "1"]
[SourceVersionDate "2023.05.08"]
[SourceQuality "1"]

1. e4 e5 2. Nf3 d6 3. d4 Nf6 4. dxe5 Nxe4 5. Bc4 c6 6. exd6 Nxd6 7. Bb3 Be7 8.
O-O O-O 9. Bf4 Nf5 10. Nc3 Na6 11. Qxd8 Bxd8 12. Ne4 Bc7 13. Bd2 Nd6 14. Nxd6
Bxd6 15. Rad1 Bg4 16. Bg5 Bc7 17. c3 h6 18. Bh4 Rfe8 19. Rd2 Nc5 20. Bc2 Bf4
21. Rd4 Bxf3 22. gxf3 g5 23. Bg3 Re2 24. Bxf4 Rxc2 25. Rd2 Rxd2 26. Bxd2 Rd8
27. Be3 Ne6 28. Re1 a6 29. Kf1 f5 30. Bb6 Rd6 31. Re5 Nf4 32. Bd4 Ne6 33. Ba7
Nf4 34. Bd4 Ne6 35. Ba7 Nf4 36. Bd4 1/2-1/2

[Event "ENG-ch Senior 65+"]
[Site "Leamington"]
[Date "2023.05.05"]
[Round "2.3"]
[White "Myall, Ivan J"]
[Black "Snape, Ian L"]
[Result "1/2-1/2"]
[WhiteElo "1924"]
[BlackElo "2096"]
[PlyCount "57"]
[EventDate "2023.05.04"]
[EventType "swiss"]
[EventRounds "7"]
[EventCountry "ENG"]
[SourceTitle "BritBase"]
[Source "John Saunders"]
[SourceDate "2023.05.08"]
[SourceVersion "1"]
[SourceVersionDate "2023.05.08"]
[SourceQuality "1"]

1. e4 c5 2. c3 d6 3. d4 Nf6 4. f3 e6 5. dxc5 d5 6. Be3 Nc6 7. b4 Bd7 8. Nd2 Rc8
9. Ne2 e5 10. a3 dxe4 11. Nxe4 Nxe4 12. fxe4 Qh4+ 13. Ng3 Be7 14. Qh5 Qxh5 15.
Nxh5 g6 16. Ng3 Be6 17. h4 h5 18. Be2 O-O 19. O-O-O Rc7 20. Kb2 Rfc8 21. Nf1
Nd8 22. Rc1 Kg7 23. Nd2 f6 24. Bd1 Rd7 25. Be2 Nf7 26. Rhg1 Nh6 27. Bxh6+ Kxh6
28. Nf3 Kg7 29. Rgd1 1/2-1/2

[Event "ENG-ch Senior 65+"]
[Site "Leamington"]
[Date "2023.05.05"]
[Round "2.4"]
[White "Page, Mark E"]
[Black "Bray, Dave J"]
[Result "1/2-1/2"]
[WhiteElo "2044"]
[BlackElo "1989"]
[PlyCount "54"]
[EventDate "2023.05.04"]
[EventType "swiss"]
[EventRounds "7"]
[EventCountry "ENG"]
[SourceTitle "BritBase"]
[Source "John Saunders"]
[SourceDate "2023.05.08"]
[SourceVersion "1"]
[SourceVersionDate "2023.05.08"]
[SourceQuality "1"]

1. e4 c5 2. Nf3 e6 3. c3 Nf6 4. e5 Nd5 5. d4 cxd4 6. cxd4 d6 7. Bc4 Nc6 8. O-O
Be7 9. a3 O-O 10. exd6 Qxd6 11. Nc3 a6 12. Re1 Nf6 13. h3 Rd8 14. Be3 b5 15.
Bd3 Bb7 16. Qe2 Rac8 17. Rad1 b4 18. Na4 Nb8 19. Nc5 Bxf3 20. Qxf3 Qd5 21. axb4
Qxf3 22. gxf3 Nd5 23. Bd2 Nc6 24. Bxa6 Rb8 25. Bc3 Ncxb4 26. Bf1 Na2 27. Ne4
Rdc8 1/2-1/2

[Event "ENG-ch Senior 65+"]
[Site "Leamington"]
[Date "2023.05.05"]
[Round "2.5"]
[White "Tucker, David S"]
[Black "Bowmer, Kevin"]
[Result "1/2-1/2"]
[WhiteElo "1909"]
[BlackElo "2093"]
[PlyCount "70"]
[EventDate "2023.05.04"]
[EventType "swiss"]
[EventRounds "7"]
[EventCountry "ENG"]
[SourceTitle "BritBase"]
[Source "John Saunders"]
[SourceDate "2023.05.08"]
[SourceVersion "1"]
[SourceVersionDate "2023.05.08"]
[SourceQuality "1"]

1. e4 c5 2. Nf3 d6 3. d4 cxd4 4. Nxd4 Nf6 5. Nc3 a6 6. Bc4 e6 7. a3 b5 8. Ba2
Nbd7 9. O-O Bb7 10. Qe2 Rc8 11. f3 Nb6 12. Rd1 Qc7 13. Be3 Nbd7 14. Rd2 Qb8 15.
Rad1 Be7 16. g4 h6 17. g5 hxg5 18. Bxg5 Rxc3 19. Bxf6 Bxf6 20. bxc3 Bg5 21. Qg2
Bxd2 22. Rxd2 Rh6 23. Qf1 Qc7 24. Qd3 Ne5 25. Qe3 Qc5 26. Rg2 Rg6 27. Rxg6 Nxg6
28. Bb3 Ne5 29. a4 Nc4 30. Qf2 bxa4 31. Bxa4+ Ke7 32. Qh4+ g5 33. Qh8 e5 34.
Qe8+ Kf6 35. Qh8+ Ke7 1/2-1/2

[Event "ENG-ch Senior 65+"]
[Site "Leamington"]
[Date "2023.05.05"]
[Round "2.6"]
[White "Moore, Geoffrey R"]
[Black "Bellers, Chris JV"]
[Result "1-0"]
[WhiteElo "1969"]
[BlackElo "1900"]
[PlyCount "83"]
[EventDate "2023.05.04"]
[EventType "swiss"]
[EventRounds "7"]
[EventCountry "ENG"]
[SourceTitle "BritBase"]
[Source "John Saunders"]
[SourceDate "2023.05.08"]
[SourceVersion "1"]
[SourceVersionDate "2023.05.08"]
[SourceQuality "1"]

1. e4 g6 2. d4 Bg7 3. Nf3 c5 4. Nc3 Qa5 5. Be3 Nf6 6. Qd2 Nc6 7. h3 cxd4 8.
Nxd4 Nxe4 9. Nxc6 Qxc3 10. bxc3 Nxd2 11. Bxd2 bxc6 12. Rb1 O-O 13. Bd3 d5 14.
O-O e5 15. c4 Be6 16. cxd5 cxd5 17. Rb7 Rfb8 18. Rfb1 Rxb7 19. Rxb7 e4 20. Bb5
Bd4 21. Be3 Bxe3 22. fxe3 a6 23. Ba4 Rc8 24. Kf2 Rc3 25. Ke2 Ra3 26. Bb3 Kg7
27. Kd2 Ra5 28. Kc3 Kf6 29. a4 d4+ 30. Kxd4 h5 31. Kxe4 Rf5 32. Rb6 a5 33. Ra6
h4 34. c4 Ke7 35. Ra7+ Kd6 36. Kd4 Kc6 37. Bc2 Rg5 38. Be4+ Kb6 39. Rb7+ Ka6
40. c5 f5 41. Bf3 Bc8 42. Rc7 1-0

[Event "ENG-ch Senior 65+"]
[Site "Leamington"]
[Date "2023.05.05"]
[Round "2.7"]
[White "Stokes, Mike R"]
[Black "Clark, Robert G"]
[Result "0-1"]
[WhiteElo "1973"]
[BlackElo "2080"]
[PlyCount "84"]
[EventDate "2023.05.04"]
[EventType "swiss"]
[EventRounds "7"]
[EventCountry "ENG"]
[SourceTitle "BritBase"]
[Source "John Saunders"]
[SourceDate "2023.05.08"]
[SourceVersion "1"]
[SourceVersionDate "2023.05.08"]
[SourceQuality "1"]

1. e4 e6 2. d4 d5 3. Nc3 Bb4 4. exd5 exd5 5. Bd3 Ne7 6. Nge2 Nbc6 7. O-O Bf5 8.
Be3 O-O 9. a3 Bxc3 10. Nxc3 Qd7 11. b3 Bxd3 12. Qxd3 Nf5 13. Na4 b6 14. Nb2
Rad8 15. Qc3 Rfe8 16. Rae1 Re4 17. Rd1 Rde8 18. Rd3 Qe6 19. Nd1 Qf6 20. f3 R4e6
21. Qd2 Qe7 22. Bg5 f6 23. Bf4 Qxa3 24. c4 Ncxd4 25. b4 Qa4 26. Rxd4 Nxd4 27.
Qxd4 Qxb4 28. Qxd5 c6 29. Qd3 b5 30. Ne3 Qc5 31. Kf2 g5 32. Qf5 Qxf5 33. Nxf5
gxf4 34. cxb5 Re2+ 35. Kg1 cxb5 36. Nd6 Rb8 37. Ne4 b4 38. Nxf6+ Kf7 39. Nd5 b3
40. Nxf4 Rd2 41. Rb1 b2 42. Kf1 Rbd8 0-1

[Event "ENG-ch Senior 65+"]
[Site "Leamington"]
[Date "2023.05.05"]
[Round "2.8"]
[White "De Coverly, Roger D"]
[Black "Hutchinson, Paul A"]
[Result "1-0"]
[WhiteElo "1945"]
[BlackElo "2005"]
[PlyCount "105"]
[EventDate "2023.05.04"]
[EventType "swiss"]
[EventRounds "7"]
[EventCountry "ENG"]
[SourceTitle "BritBase"]
[Source "John Saunders"]
[SourceDate "2023.05.08"]
[SourceVersion "1"]
[SourceVersionDate "2023.05.08"]
[SourceQuality "1"]

1. Nf3 d5 2. g3 c5 3. Bg2 Nc6 4. d4 Bf5 5. O-O e6 6. c4 h6 7. cxd5 exd5 8. Nc3
Nf6 9. Be3 c4 10. Ne5 Be6 11. Qa4 Qa5 12. Nxc6 Qxa4 13. Nxa4 bxc6 14. b3 cxb3
15. axb3 Bd6 16. Rfc1 Kd7 17. Bf4 Bxf4 18. gxf4 Rhb8 19. Nc5+ Kd6 20. Rc3 Rb4
21. e3 Nd7 22. Nd3 Rb6 23. Rac1 Bf5 24. Nc5 Rc8 25. Bf1 Nb8 26. f3 Re8 27. Kf2
Re7 28. Bg2 Bd7 29. e4 Rb4 30. Ke3 f6 31. Nd3 Rb6 32. Kd2 Na6 33. Ra1 Be8 34.
f5 Nb4 35. e5+ Kc7 36. Rxa7+ Kd8 37. Rxe7 Kxe7 38. f4 Nxd3 39. Rxd3 Bh5 40. Kc3
Be2 41. Rg3 fxe5 42. fxe5 Kf8 43. Rg6 Bd1 44. Bxd5 Ra6 45. Rxc6 Ra2 46. Kb4 Bh5
47. Kc5 Ra5+ 48. Kd6 g5 49. fxg6 Bxg6 50. e6 Ra8 51. Ke5 Be8 52. Rc7 Ra1 53.
Bc4 1-0

[Event "ENG-ch Senior 65+"]
[Site "Leamington"]
[Date "2023.05.05"]
[Round "2.9"]
[White "Raynes, Paul"]
[Black "Carpenter, David J"]
[Result "1-0"]
[WhiteElo "2077"]
[BlackElo "1497"]
[PlyCount "114"]
[EventDate "2023.05.04"]
[EventType "swiss"]
[EventRounds "7"]
[EventCountry "ENG"]
[SourceTitle "BritBase"]
[Source "John Saunders"]
[SourceDate "2023.05.08"]
[SourceVersion "1"]
[SourceVersionDate "2023.05.08"]
[SourceQuality "1"]

1. d4 g6 2. e4 Bg7 3. Nc3 d6 4. Be3 Nd7 5. Qd2 e6 6. h4 b6 7. h5 Bb7 8. f3 a6
9. a4 Ndf6 10. g4 Qe7 11. h6 Bf8 12. Bg5 Qd7 13. O-O-O O-O-O 14. Kb1 Be7 15.
Nge2 Ne8 16. Be3 f5 17. gxf5 gxf5 18. Bh3 d5 19. exf5 exf5 20. Ng3 Nd6 21. Bf4
Rf8 22. Qd3 Kb8 23. Rhe1 Bh4 24. Rg1 Bxg3 25. Rxg3 Ne7 26. Rg7 Qe6 27. Rdg1 Bc8
28. Ne2 Ng6 29. Bh2 Qf6 30. Nf4 Nxf4 31. Bxf4 Rf7 32. Bxd6 cxd6 33. Qb3 Qxd4
34. c3 Qc5 35. Rd1 Rhf8 36. Rxd5 Be6 37. Rxc5 Bxb3 38. Rxf7 Rxf7 39. Rxf5 Kc7
40. Rxf7+ Bxf7 41. Bf5 Bg8 42. Kc2 d5 43. Kd3 a5 44. Kd4 Kd6 45. f4 Ke7 46. Ke5
Kf7 47. Be6+ Kf8 48. f5 Bf7 49. Kxd5 Be8 50. b3 Ke7 51. c4 Kf8 52. Kd6 Bh5 53.
Kc7 Bd1 54. Kxb6 Bxb3 55. Kxa5 Bc2 56. Kb5 Ke7 57. a5 Ke8 1-0

[Event "ENG-ch Senior 65+"]
[Site "Leamington"]
[Date "2023.05.05"]
[Round "2.10"]
[White "Shephard, Chris Cw"]
[Black "Earlam, Anthony"]
[Result "1-0"]
[WhiteElo "2189"]
[BlackElo "1644"]
[PlyCount "71"]
[EventDate "2023.05.04"]
[EventType "swiss"]
[EventRounds "7"]
[EventCountry "ENG"]
[SourceTitle "BritBase"]
[Source "John Saunders"]
[SourceDate "2023.05.08"]
[SourceVersion "1"]
[SourceVersionDate "2023.05.08"]
[SourceQuality "1"]

1. Nf3 g6 2. c4 Bg7 3. d4 Nf6 4. Nc3 e6 5. e4 O-O 6. Be2 c6 7. O-O d5 8. Qc2
Na6 9. Rd1 Qe7 10. e5 Nd7 11. Bg5 f6 12. exf6 Bxf6 13. Bh6 Rf7 14. Qd2 Nc7 15.
Ng5 Bxg5 16. Bxg5 Nf6 17. Re1 Nce8 18. h4 Ng7 19. h5 gxh5 20. cxd5 exd5 21.
Bxh5 Ngxh5 22. Rxe7 Rxe7 23. Re1 Rg7 24. Re5 Bd7 25. f3 Rf8 26. Bh6 Rff7 27.
Bxg7 Rxg7 28. Rg5 Rxg5 29. Qxg5+ Kf7 30. Qe5 b5 31. Qc7 a6 32. Ne2 Ng7 33. Qa7
Nf5 34. g4 Nd6 35. g5 Nc8 36. Qc7 1-0

[Event "ENG-ch Senior 65+"]
[Site "Leamington"]
[Date "2023.05.05"]
[Round "2.11"]
[White "Erdogan, Hassan"]
[Black "Seymour, Paul"]
[Result "1-0"]
[WhiteElo "1831"]
[BlackElo "1599"]
[PlyCount "71"]
[EventDate "2023.05.04"]
[EventType "swiss"]
[EventRounds "7"]
[EventCountry "ENG"]
[SourceTitle "BritBase"]
[Source "John Saunders"]
[SourceDate "2023.05.08"]
[SourceVersion "1"]
[SourceVersionDate "2023.05.08"]
[SourceQuality "1"]

1. d4 Nf6 2. Bg5 d5 3. Nc3 Bf5 4. e3 Nbd7 5. Bd3 Bxd3 6. Qxd3 c6 7. h3 e6 8.
Bf4 Bb4 9. Nf3 Ne4 10. O-O Ndf6 11. Ne5 O-O 12. Nxe4 Nxe4 13. c3 Be7 14. c4 f6
15. Nf3 Bd6 16. Bxd6 Qxd6 17. c5 Qd8 18. b4 f5 19. b5 Rf7 20. bxc6 bxc6 21. Ne5
Rc7 22. Rfb1 Nf6 23. Rb2 Nd7 24. Nxd7 Qxd7 25. Rab1 Kf7 26. a4 a5 27. Rb6 Rca7
28. R1b2 Kf6 29. Qb1 h6 30. Rb8 Rxb8 31. Rxb8 g6 32. f4 g5 33. Rf8+ Kg6 34. Qb8
Rb7 35. Qe5 Qe7 36. Rg8+ 1-0

[Event "ENG-ch Senior 65+"]
[Site "Leamington"]
[Date "2023.05.05"]
[Round "2.12"]
[White "Goodwin, Ed H"]
[Black "Jerome, Stellio"]
[Result "1-0"]
[WhiteElo "1817"]
[BlackElo "1518"]
[PlyCount "49"]
[EventDate "2023.05.04"]
[EventType "swiss"]
[EventRounds "7"]
[EventCountry "ENG"]
[SourceTitle "BritBase"]
[Source "John Saunders"]
[SourceDate "2023.05.08"]
[SourceVersion "1"]
[SourceVersionDate "2023.05.08"]
[SourceQuality "1"]

1. d4 f5 2. Nc3 d5 3. Bf4 a6 4. e3 Nf6 5. Nf3 Nc6 6. h3 e6 7. Be2 Bd6 8. Ne5
Bxe5 9. dxe5 Nd7 10. g4 Ndxe5 11. gxf5 exf5 12. Qxd5 Qf6 13. O-O-O Be6 14. Qc5
Nd7 15. Qa3 O-O-O 16. Bxa6 Nb6 17. Bb5 Bc4 18. Bxc4 Nxc4 19. Qa8+ Nb8 20. Qa4
Nb6 21. Qb3 g5 22. Bh2 Na6 23. a4 Qc6 24. Nb5 Nc5 25. Na7+ 1-0

[Event "ENG-ch Senior 65+"]
[Site "Leamington"]
[Date "2023.05.05"]
[Round "2.13"]
[White "Clancy, Martin J"]
[Black "Morris, Nigel W"]
[Result "1-0"]
[WhiteElo "1706"]
[BlackElo "1363"]
[PlyCount "79"]
[EventDate "2023.05.04"]
[EventType "swiss"]
[EventRounds "7"]
[EventCountry "ENG"]
[SourceTitle "BritBase"]
[Source "John Saunders"]
[SourceDate "2023.05.08"]
[SourceVersion "1"]
[SourceVersionDate "2023.05.08"]
[SourceQuality "1"]

1. e4 c5 2. Nc3 Nc6 3. Nf3 d6 4. Bb5 Bd7 5. O-O Nf6 6. Re1 e6 7. d4 cxd4 8.
Nxd4 Be7 9. Be3 O-O 10. Be2 a6 11. a4 Rc8 12. Nxc6 Bxc6 13. f3 Qc7 14. Bd4 b6
15. Bxa6 Ra8 16. Qd3 e5 17. Be3 d5 18. exd5 Nxd5 19. Nxd5 Bxd5 20. Bb5 Rfd8 21.
Qe2 Bd6 22. Qf2 Rab8 23. Rad1 Be6 24. Rd2 f5 25. Qe2 e4 26. g3 exf3 27. Qxf3
Bc5 28. Red1 Bxe3+ 29. Qxe3 Bf7 30. Rxd8+ Rxd8 31. Rxd8+ Qxd8 32. Bd3 g6 33. b4
Be8 34. Bc4+ Kg7 35. Bb3 Bc6 36. Qe5+ Kh6 37. Qf4+ Kg7 38. Qe5+ Kh6 39. Qe3+
Kg7 40. Qc3+ 1-0